000 00252nam a2200097Ia 4500
005 20251222175818.0
008 251222s9999||||xx |||||||||||||| ||spa||
082 _aDVD0070/S18/1998
245 0 _aEstación central de Brazil:Central Do Brasil
942 _cDVD
999 _c40388
_d40388